نہیں رحمان بابو / (Record no. 106300)

MARC details
000 -LEADER
fixed length control field 00829nam a22002537a 4500
005 - DATE AND TIME OF LATEST TRANSACTION
control field 20170123162306.0
010 ## - LIBRARY OF CONGRESS CONTROL NUMBER
LC control number B-122990
020 ## - INTERNATIONAL STANDARD BOOK NUMBER
Terms of availability 125.00
International Standard Book Number 8182231086
035 ## - SYSTEM CONTROL NUMBER
System control number B-122990
037 ## - SOURCE OF ACQUISITION
Source of stock number/acquisition Cen Lib/Ret
040 ## - CATALOGING SOURCE
Original cataloging agency DPL
Language of cataloging UR
082 ## - DEWEY DECIMAL CLASSIFICATION NUMBER
Classification number ک
Item number ج و گ
100 ## - MAIN ENTRY--PERSONAL NAME
Personal name جوگندر پال
9 (RLIN) 14217
245 ## - TITLE STATEMENT
Title نہیں رحمان بابو /
Statement of responsibility, etc جوگندر پال
246 ## - VARYING FORM OF TITLE
Title proper/short title Nahi rehman babo /
Remainder of title by Joginder Paul
260 ## - PUBLICATION, DISTRIBUTION, ETC. (IMPRINT)
Place of publication, distribution, etc دہلی
Name of publisher, distributor, etc ایجوکیشنل پبلشنگ ہاؤس
Date of publication, distribution, etc 2005
270 ## - ADDRESS
Address 3108, وکل سٹریٹ کچہ پبدت لال کان
City دہلی
Postal code 110006
300 ## - PHYSICAL DESCRIPTION
Extent 159p.
Dimensions 21cm(Hb)
650 ## - SUBJECT ADDED ENTRY--TOPICAL TERM
Topical term or geographic name as entry element اردو ادب
Form subdivision
9 (RLIN) 110182
650 ## - SUBJECT ADDED ENTRY--TOPICAL TERM
Topical term or geographic name as entry element اردو افسانے
9 (RLIN) 110183
650 ## - SUBJECT ADDED ENTRY--TOPICAL TERM
Topical term or geographic name as entry element Urdu literature
9 (RLIN) 110184
650 ## - SUBJECT ADDED ENTRY--TOPICAL TERM
Topical term or geographic name as entry element Urdu stories
9 (RLIN) 110185
942 ## - ADDED ENTRY ELEMENTS (KOHA)
Source of classification or shelving scheme Dewey Decimal Classification
Koha item type Urdu Bks
Classification part ک
Call number suffix ج و گ
Holdings
Withdrawn status Lost status Damaged status Not for loan Home library Current library Date acquired Source of acquisition Cost, normal purchase price Total Checkouts Full call number Barcode Date last seen Copy number Cost, replacement price Price effective from Koha item type
        Central Library Central Library 18/12/2015 Cen Lib/Ret 125.00   ک ج و گ B-122990 18/12/2015 1 125.00 18/12/2015 Urdu Bks

© Delhi Public Library
Hit Counter
free hit counter